1416 1526 1097 1958 1471 1225 1410 1854 1765 1092 1957 1741 1663 1336 1350 1780 1714 1387 1884 1468 1513 1276 1478 1633 1326 1283 1815 1426 1102 1642 1412 1218 1727 1938 1951 1966 1098 1386 1372 1820 1745 1980 1127 1037 1167 1683 1100 1706 1507 1437 1048 1921 1645 1724 1326 1714 1646 1630 1099 1003 1347 1847 1587 1274 1195 1551 1114 1390 1780 1775 1657 1176 1182 1076 1475 1549 1766 1268 1948 1446 1253 1386 1468 1126 1889 1353 1390 1848 1337 1855 1003 1633 1799 1121 1443 1889 1564 1064 1050 BCNSPRNW ULIB Ver.6.0+V

เปลี่ยนเป็นภาษาไทย

Change to English
 แสดงรายละเอียดบรรณานุกรม
  กลับหน้าหลัก

Brief Record : Get Marc (ISO 2709) : E-mail record : QR code < ปิดหน้าต่าง
LEADER : 00000nam 2200000uu 4500
001    13399111537
003     ULIB
008    110630s||||||||th 000 0 tha d
020    9786117042034
050  4 BQ4570.W6^bท815ผ 2552
100 0  แทนไทย เชื้อไทย
245 10 ผู้หญิงก็บรรลุธรรมได้ /^cแทนไทย เชื้อไทย
260    กรุงเทพฯ :^bปราชญ์,^c2552
300    206 หน้า
650  7 สตรี^xศาสนา
650  7 พุทธศาสนา^xหลักธรรม
945    ^p155^l0^i026488
995    ทศพร
999 ^a ใช้งานได้ทุกระบบ
รายการนี้ยังไม่มีแท็ก
คุณยังไม่ได้ล็อกอิน คุณสามารถมีกิจกรรมร่วมกับเว็บไซต์ได้ แต่ต้องล็อกอินก่อน ::
  ล็อกอิน

รายการสื่อสารสนเทศ

ลำดับที่ ประเภท เลขเรียก/บาร์โค้ด สถานที่ สถานะ
- ไม่พบข้อมูล -

BibComment


ยังไม่เคยถูกคอมเมนท์

คอมเมนท์ทรัพยากรรายการนี้
  คอมเมนท์: ผู้หญิงก็บรรลุธรร..


 Copyright 2026. Bcnsprnw @Library